Statistics for 2024 English Premier League Teams - 1 Minute Sprint

Click here to take the quiz!

General Stats

  • This quiz has been taken 82 times
  • The average score is 15 of 20

Answer Stats

Team% Correct
Manchester City
100%
Manchester United
100%
Arsenal
93%
Liverpool
93%
Tottenham Hotspur
84%
Chelsea
81%
Aston Villa
79%
Luton Town
79%
West Ham United
79%
Burnley
77%
Everton
77%
Wolverhampton Wanderers
77%
Newcastle United
72%
Bournemouth
70%
Brighton & Hove Albion
67%
Brentford
60%
Crystal Palace
60%
Fulham
56%
Sheffield United
47%
Nottingham Forest
40%

Score Distribution

Percentile by Number Answered

Percent of People with Each Score

Your Score History

You have not taken this quiz